La frontera indígena de la Gran Talamanca 1840 - 1930 (Registro nro. 4992)
[ vista simple ]
| 000 -CABECERA | |
|---|---|
| campo de control de longitud fija | 00656aam a2200241 4500 |
| 005 - FECHA Y HORA DE ACTUALIZACIÓN | |
| campo de control | 20161208105850.0 |
| 008 - LONGITUD FIJA | |
| campo de control de longitud fija | 150427b xxu||||| |||| 00| 0 spa d |
| 041 ## - IDIOMA | |
| Código de idioma del texto/pista de sonido o título separado | |
| 082 ## - CLASIFICACIÓN DECIMAL DEWEY | |
| Número de clasificación | 972.860.1 B793f |
| 100 ## - AUTOR PERSONAL | |
| Nombre de persona | Boza Villarreal, Alejandra |
| 245 ## - TÍTULO PROPIAMENTE DICHO | |
| Título | La frontera indígena de la Gran Talamanca 1840 - 1930 |
| 260 ## - PIE DE IMPRENTA | |
| Lugar de publicación, distribución, etc. | Costa Rica |
| Nombre del editor, distribuidor, etc. | EDUPUC |
| Fecha de publicación, distribución, etc. | 2014 |
| 300 ## - DESCRIPCIÓN FÍSICA | |
| Extensión | 360 páginas |
| 650 ## - Materia General | |
| Materia general | COSTA RICA |
| 650 ## - Materia General | |
| Materia general | HISTORIA |
| 650 ## - Materia General | |
| Materia general | TALAMANCA |
| 650 ## - Materia General | |
| Materia general | LIMÓN |
| 650 ## - Materia General | |
| Materia general | INDIOS DE COSTA RICA |
| 650 ## - Materia General | |
| Materia general | INDÍGENAS |
| 650 ## - Materia General | |
| Materia general | COMERCIO |
| 650 ## - Materia General | |
| Materia general | POLÍTICA |
| 942 ## - Punto de Acceso Adicional Koha | |
| Tipo de ítem Koha | Libro |
| Estado perdido | Estado dañado | No para préstamo | Biblioteca permanente | Biblioteca actual | Signatura completa | Código de barras | Precio efectivo a partir del | Tipo de ítem |
|---|---|---|---|---|---|---|---|---|
| Departamento de Biblioteca y Documentación Alfonso Chase Brenes | Departamento de Biblioteca y Documentación Alfonso Chase Brenes | 972.860.1 B793f | 19398 | 05/04/2016 | Libro |